Cinco milenios de caracteres chinos.

Saved in:
書目詳細資料
主要作者: Jialu, Xu (asesor general)
其他作者: Lin, Xu (Director)
格式: 圖書
出版: Beijing, China; Sinolingua, 2012.
版:Segunda edición
主題:
標簽: 添加標簽
沒有標簽, 成為第一個標記此記錄!

MARC

LEADER 00000nam a22000007a 4500
003 CL-VaPUC
005 20241211114839.0
008 241122t2012 ||||| |||| 00| 0 eng d
999 |c 445888  |d 445886 
020 |a 978-7-80200-645-4 
040 |c Pontificia Universidad Católica de Valparaíso 
082 |a 745.61995108 JIA 2012  
100 1 |a Jialu, Xu  |e asesor general  |9 894139 
245 |a Cinco milenios de caracteres chinos. 
250 |a Segunda edición 
260 |a Beijing, China;  |b Sinolingua,  |c 2012. 
300 |a 183 páginas;  |b  ilustraciones 
500 |a C.1 Donación Prof. Ricardo Iglesias. Memo 2024. HIS/024 
583 |c 20241122  |k Catalogador Asistente 
650 0 |9 346959  |a Escritura china  |x Historia 
650 0 |9 265485  |a Caracteres chinos  |x Caligrafía  |x Etimología  
700 |a Lin, Xu  |e director  |9 894142 
942 |2 ddc  |c BK 
952 |0 0  |1 0  |2 ddc  |4 0  |6 745_619951080000000_JIA_2012  |7 0  |8 A  |9 598219  |a BIBHIS  |b BIBHIS  |d 2024-11-22  |e Donación  |i 5663408  |o 745.61995108 JIA 2012  |p 5663408  |r 2025-01-20  |t 1  |w 2024-11-22  |y BK  |k HIS